000 00339nam a2200133Ia 4500
008 240624s9999 xx 000 0 und d
041 _aeng
082 _a658.3124 MAL
100 _aMALLOCH MARGARET
245 _aSAGE HANDBOOK OF WORKPLACE LEARNING
260 _c2011
_aLondon
_bSage
300 _axvii, 476 p.; 23 cm.
365 _cBPS
_b38
999 _c30745
_d30745